LEADER 01028nam a2200217 i 4500 001 000000029936 003 CaOOAMICUS 005 20250318085538.0 008 180830s1877 gw u000 u und u 040 $aSeMil$bita 245 10$aJoh. Friedr. Herbart's pädagogische Schriften :$bmit Herbarts Biographie /$cherausgegeben von Friedrich Bartholomäi. 260 $aLangensalza :$bBeyer & Söhne,$c1877. 300 $a2 v. ;$c21 cm. 490 1 $aBibliothek pädagogischer Klassiker 700 1 $aBartholomäi, Friedrich.$0(OLS)http://semarc/name/13690 700 1 $aHerbart, Johann Friedrich,$d<1776-1841>.$0(OLS)http://semarc/name/13689 774 0 $t2. Band.$b2. Aufl.$kBibliothek pädagogischer Klassiker$g2$w()229889 830 0$aBibliothek pädagogischer Klassiker.$0(OLS)http://semarc/title/17463 996 $6245$aJoh. Friedr. Herbart's pädagogische Schriften :$bmit Herbarts Biographie$9(OLS)http://semarc/title/40729 996 $6260$aLangensalza :$bBeyer & Söhne$9(OLS)http://semarc/publisher/33599 LEADER 01021nam a2200253 i 4500 001 000000055686 003 CaOOAMICUS 005 20130503000000.0 008 130503s1980 xx u000 u fre u 013 $a26858 040 $aSeMil$bita 100 1 $aDumas, André.$0(OLS)http://semarc/name/28033 245 10$aNommer Dieu /$cAndré Dumas ; préface par Claude Geffré. 260 $aParis :$bLes Éditions du Cerf,$c1980. 300 $a329 p. ;$c22 cm. 490 0 $aCogitatio Fidei [Cerf]i ;$v100 500 $aContiene : Notice bibliographique. 650 4$aDio - Nome.$0(OLS)http://semarc/subject/1345 700 1 $aGeffré, Claude,$c.$0(OLS)http://semarc/name/89103 830 0$aCogitatio Fidei ;$v100.$0(OLS)http://semarc/title/206 850 $aSeMil 852 $aSeMil$W1$xVenegono$y1$m2BA N 100$j232493$B21840$CSeMilBibl$Z2$F21842 $81 996 $6245$aNommer Dieu$9(OLS)http://semarc/title/86420 996 $6260$aParis :$bLes Éditions du Cerf$9(OLS)http://semarc/publisher/29611